| 000 | 01218nam a2200253Ia 4500 | ||
|---|---|---|---|
| 003 | PE SENCICO BE | ||
| 005 | 20251020182437.0 | ||
| 008 | 200515s9999 xx 000 0 und d | ||
| 040 |
_aPE SENCICO BE _cPE SENCICO BE |
||
| 041 | _aspa | ||
| 082 |
_a513 _bR42 1968 |
||
| 100 | 1 |
_aRepetto, Celina H. _93128 _eautor |
|
| 245 | 1 | 0 |
_aMatemática moderna : _baritmética y álgebra 3 / _cCelina H. Repetto, Marcela E. Linskens, Hilda B. Fesquet |
| 250 | _a17a ed. | ||
| 260 |
_aBuenos Aires : _bKapelusz ; _c1968 |
||
| 300 |
_a338 páginas : _btablas ; _c19 cm. |
||
| 505 | 0 | _aHistoria del álgebra -- Revisión de los conceptos de relación y función -- Recapitulación de operaciones con números enteros y con números racionales -- Expresiones algebraicas enteras -- Operaciones fundamentales con expresiones algebraicas enteras -- Factoreo de expresiones algebraicas -- Expresiones algebraicas fraccionarias -- Ecuaciones -- Sistema de ecuaciones lineales -- Representación gráfica de funciones | |
| 650 | 1 | 0 |
_aAritmética _92111 |
| 650 | 2 | 0 |
_aMatemáticas _92106 |
| 650 | 2 | 0 |
_aÁlgebra _92097 |
| 700 | 1 |
_93129 _aLinskens, Marcela E. _eautor |
|
| 700 | 1 |
_93130 _aFesquet, Hilda B. _eautor |
|
| 942 |
_cLIB _2ddc |
||
| 999 |
_c417 _d417 |
||